Country by Longtime Leader Quiz Stats

 Plays Quiz Updated Jan 11, 2018

Score 0/16 Timer 05:00
13 Plays Today
% Correct
Cuba
99.4%
Spain
91.5%
North Korea
91%
Republic of China / Taiwan
90.6%
China
88.1%
Libya
83.8%
Zimbabwe
68.7%
Indonesia
63%
% Correct
Portugal
46.8%
Albania
41.1%
Singapore
40.1%
Uzbekistan
38.1%
Zaire (Democratic Republic of the Congo)
33.6%
Tunisia
26.6%
Paraguay
23.3%
Cote d'Ivoire
18.6%

You're not logged in!

Compare scores with friends on all Sporcle quizzes.
OR
Log In

Sporcle TV

Today on Sporcle TV


Watch our educational content, quiz creation guides, and fun videos on Sporcle TV.

Show Comments

Extras

Top Quizzes Today


Score Distribution

Your Account Isn't Verified!

In order to create a playlist on Sporcle, you need to verify the email address you used during registration. Go to your Sporcle Settings to finish the process.

Report this User

Report this user for behavior that violates our Community Guidelines.

Details: